Projektmenedzsment a Robert Bosch Elektronika Kft-nél

Bibliographic Details
Main Author: Rácz-Kiss Szabina
Other Authors: Kremmer László
Format: Project work
Kulcsszavak:autóipar
projekt(ek)
projektciklus
projektmenedzsment
projektvezetés
Online Access:http://dolgozattar.uni-bge.hu/58610

MARC

LEADER 00000nnm a2200000 i 4500
001 dolg58610
005 20251027142112.0
008 251027suuuu hu o 000 hun d
040 |a BGE Dolgozattár Repozitórium  |b hun 
041 |a hu 
100 1 |a Rácz-Kiss Szabina 
245 1 0 |a Projektmenedzsment a Robert Bosch Elektronika Kft-nél  |c Rácz-Kiss Szabina  |h [elektronikus dokumentum] 
516 |a Project_work 
520 3 |a Záródolgozatomban szekunder-, illetve primer kutatást végeztem projektmenedzsment témában általánosságban és a Robert Bosch Elektronika Kft-nél, ezen belül a hatvani telephelyen, illetve a Budapesti Fejlesztési Központnál. Dolgozatomban felhasználtam projektmenedzsmentről szóló szakirodalmakat, szakdolgozatokat, illetve mélyinterjút készítettem projektvezetőkkel a Budapesti Fejlesztési Központból és a hatvani gyárból. Dolgozatom tartalmazza a cég bemutatását, általános projektmenedzsmenttel kapcsolatos információkat és a mélyinterjúk során szerzett információkat. 
695 |a autóipar 
695 |a projekt(ek) 
695 |a projektciklus 
695 |a projektmenedzsment 
695 |a projektvezetés 
700 1 |a Kremmer László  |e ths 
856 4 0 |u http://dolgozattar.uni-bge.hu/58610/1/Projektmenedzsment%20a%20Robert%20Bosch%20Elektronika%20Kft-n%C3%A9l.pdf  |z Dokumentum-elérés 
856 4 0 |u http://dolgozattar.uni-bge.hu/58610/2/nyilatkozat-a-szakdolgozat-statuszarol-nyilvanos-bizalmas-2025.pdf  |z Dokumentum-elérés 
856 4 0 |u http://dolgozattar.uni-bge.hu/58610/3/R%C3%A1cz-Kiss%20Szabina%20-%20AJPG9O%20-%20GM%20FOSZK%20-%20Bels%C5%91%20b%C3%ADr%C3%A1lat%202025.pdf  |z Dokumentum-elérés